000 00570nam a2200181Ia 4500
003 GCL
008 140319s9999 xx 000 0 ara d
040 _aGCL /
_cGCL
082 0 4 _aق
_b953.023
_bب ف
100 1 _aبتلر، الفريد. ج .
245 1 0 _aفتح العرب لمصر /
_cبتلر، الفريد. ج .
700 1 _aمحمد فريد ابوحديد
260 _aالقاهرة :
_bمكتبة مدبولى ،
_c1990
300 _a612 ص ؛
_c24سم
490 _aصفحات من تاريخ مصر
_v1
650 0 4 _aفتح مصر
942 _2ddc
_cBK
999 _c52970
_d52970